<?xml version="1.0" encoding="UTF-8"?>
<record
    xmlns:xsi="http://www.w3.org/2001/XMLSchema-instance"
    xsi:schemaLocation="http://www.loc.gov/MARC21/slim http://www.loc.gov/standards/marcxml/schema/MARC21slim.xsd"
    xmlns="http://www.loc.gov/MARC21/slim">

  <leader>00421nam a22001577a 4500</leader>
  <datafield tag="999" ind1=" " ind2=" ">
    <subfield code="c">535284</subfield>
    <subfield code="d">535284</subfield>
  </datafield>
  <controlfield tag="003">NUST</controlfield>
  <datafield tag="020" ind1=" " ind2=" ">
    <subfield code="q">Pb.</subfield>
  </datafield>
  <datafield tag="038" ind1=" " ind2=" ">
    <subfield code="a">Fizza Ishaq</subfield>
  </datafield>
  <datafield tag="082" ind1=" " ind2=" ">
    <subfield code="a">005.74</subfield>
    <subfield code="b">NAV</subfield>
  </datafield>
  <datafield tag="100" ind1=" " ind2=" ">
    <subfield code="a">Navathe, Shamkant B and Elmasri, Ramez.</subfield>
    <subfield code="9">29758</subfield>
  </datafield>
  <datafield tag="245" ind1=" " ind2=" ">
    <subfield code="a">Fundamentals of Data Base System /</subfield>
    <subfield code="c">Shamkant B Navathe and Ramez Elmasri</subfield>
  </datafield>
  <datafield tag="250" ind1=" " ind2=" ">
    <subfield code="a">7th ed.</subfield>
  </datafield>
  <datafield tag="260" ind1=" " ind2=" ">
    <subfield code="a">New Dehli :</subfield>
    <subfield code="b">Pearson,</subfield>
    <subfield code="c">2016.</subfield>
  </datafield>
  <datafield tag="300" ind1=" " ind2=" ">
    <subfield code="a">1241 p. ;</subfield>
  </datafield>
  <datafield tag="942" ind1=" " ind2=" ">
    <subfield code="2">ddc</subfield>
    <subfield code="c">BK</subfield>
  </datafield>
  <datafield tag="952" ind1=" " ind2=" ">
    <subfield code="0">0</subfield>
    <subfield code="1">0</subfield>
    <subfield code="2">ddc</subfield>
    <subfield code="4">0</subfield>
    <subfield code="7">0</subfield>
    <subfield code="a">NQC</subfield>
    <subfield code="b">NQC</subfield>
    <subfield code="d">2020-09-02</subfield>
    <subfield code="l">0</subfield>
    <subfield code="o">005.74 NAV</subfield>
    <subfield code="p">Q-986</subfield>
    <subfield code="r">2020-09-02</subfield>
    <subfield code="w">2020-09-02</subfield>
    <subfield code="y">BK</subfield>
  </datafield>
  <datafield tag="952" ind1=" " ind2=" ">
    <subfield code="0">0</subfield>
    <subfield code="1">0</subfield>
    <subfield code="2">ddc</subfield>
    <subfield code="4">0</subfield>
    <subfield code="7">0</subfield>
    <subfield code="a">NQC</subfield>
    <subfield code="b">NQC</subfield>
    <subfield code="d">2020-09-02</subfield>
    <subfield code="l">0</subfield>
    <subfield code="o">005.74 NAV</subfield>
    <subfield code="p">Q-987</subfield>
    <subfield code="r">2020-09-02</subfield>
    <subfield code="w">2020-09-02</subfield>
    <subfield code="y">BK</subfield>
  </datafield>
  <datafield tag="952" ind1=" " ind2=" ">
    <subfield code="0">0</subfield>
    <subfield code="1">0</subfield>
    <subfield code="2">ddc</subfield>
    <subfield code="4">0</subfield>
    <subfield code="7">0</subfield>
    <subfield code="a">NQC</subfield>
    <subfield code="b">NQC</subfield>
    <subfield code="d">2020-09-02</subfield>
    <subfield code="l">0</subfield>
    <subfield code="o">005.74 NAV</subfield>
    <subfield code="p">Q-988</subfield>
    <subfield code="r">2020-09-02</subfield>
    <subfield code="w">2020-09-02</subfield>
    <subfield code="y">BK</subfield>
  </datafield>
  <datafield tag="952" ind1=" " ind2=" ">
    <subfield code="0">0</subfield>
    <subfield code="1">0</subfield>
    <subfield code="2">ddc</subfield>
    <subfield code="4">0</subfield>
    <subfield code="7">0</subfield>
    <subfield code="a">NQC</subfield>
    <subfield code="b">NQC</subfield>
    <subfield code="d">2020-09-02</subfield>
    <subfield code="l">0</subfield>
    <subfield code="o">005.74 NAV</subfield>
    <subfield code="p">Q-989</subfield>
    <subfield code="r">2020-09-02</subfield>
    <subfield code="w">2020-09-02</subfield>
    <subfield code="y">BK</subfield>
  </datafield>
  <datafield tag="952" ind1=" " ind2=" ">
    <subfield code="0">0</subfield>
    <subfield code="1">0</subfield>
    <subfield code="2">ddc</subfield>
    <subfield code="4">0</subfield>
    <subfield code="7">0</subfield>
    <subfield code="a">NQC</subfield>
    <subfield code="b">NQC</subfield>
    <subfield code="d">2020-09-02</subfield>
    <subfield code="l">1</subfield>
    <subfield code="o">005.74 NAV</subfield>
    <subfield code="p">Q-990</subfield>
    <subfield code="q">2026-03-15</subfield>
    <subfield code="r">2026-02-13</subfield>
    <subfield code="s">2026-02-13</subfield>
    <subfield code="w">2020-09-02</subfield>
    <subfield code="y">BK</subfield>
  </datafield>
  <datafield tag="952" ind1=" " ind2=" ">
    <subfield code="0">0</subfield>
    <subfield code="1">0</subfield>
    <subfield code="2">ddc</subfield>
    <subfield code="4">0</subfield>
    <subfield code="7">0</subfield>
    <subfield code="a">NQC</subfield>
    <subfield code="b">NQC</subfield>
    <subfield code="d">2020-09-02</subfield>
    <subfield code="l">0</subfield>
    <subfield code="o">005.74 NAV</subfield>
    <subfield code="p">Q-991</subfield>
    <subfield code="r">2020-09-02</subfield>
    <subfield code="w">2020-09-02</subfield>
    <subfield code="y">BK</subfield>
  </datafield>
  <datafield tag="952" ind1=" " ind2=" ">
    <subfield code="0">0</subfield>
    <subfield code="1">0</subfield>
    <subfield code="2">ddc</subfield>
    <subfield code="4">0</subfield>
    <subfield code="7">0</subfield>
    <subfield code="a">NQC</subfield>
    <subfield code="b">NQC</subfield>
    <subfield code="d">2020-09-02</subfield>
    <subfield code="l">0</subfield>
    <subfield code="o">005.74 NAV</subfield>
    <subfield code="p">Q-992</subfield>
    <subfield code="r">2020-09-02</subfield>
    <subfield code="w">2020-09-02</subfield>
    <subfield code="y">BK</subfield>
  </datafield>
  <datafield tag="952" ind1=" " ind2=" ">
    <subfield code="0">0</subfield>
    <subfield code="1">0</subfield>
    <subfield code="2">ddc</subfield>
    <subfield code="4">0</subfield>
    <subfield code="7">0</subfield>
    <subfield code="a">NQC</subfield>
    <subfield code="b">NQC</subfield>
    <subfield code="d">2020-09-02</subfield>
    <subfield code="l">0</subfield>
    <subfield code="o">005.74 NAV</subfield>
    <subfield code="p">Q-993</subfield>
    <subfield code="r">2020-09-02</subfield>
    <subfield code="w">2020-09-02</subfield>
    <subfield code="y">BK</subfield>
  </datafield>
  <datafield tag="952" ind1=" " ind2=" ">
    <subfield code="0">0</subfield>
    <subfield code="1">0</subfield>
    <subfield code="2">ddc</subfield>
    <subfield code="4">0</subfield>
    <subfield code="7">0</subfield>
    <subfield code="a">NQC</subfield>
    <subfield code="b">NQC</subfield>
    <subfield code="d">2020-09-02</subfield>
    <subfield code="l">0</subfield>
    <subfield code="o">005.74 NAV</subfield>
    <subfield code="p">Q-994</subfield>
    <subfield code="r">2020-09-02</subfield>
    <subfield code="w">2020-09-02</subfield>
    <subfield code="y">BK</subfield>
  </datafield>
  <datafield tag="952" ind1=" " ind2=" ">
    <subfield code="0">0</subfield>
    <subfield code="1">0</subfield>
    <subfield code="2">ddc</subfield>
    <subfield code="4">0</subfield>
    <subfield code="7">0</subfield>
    <subfield code="a">NQC</subfield>
    <subfield code="b">NQC</subfield>
    <subfield code="d">2020-09-02</subfield>
    <subfield code="l">0</subfield>
    <subfield code="o">005.74 NAV</subfield>
    <subfield code="p">Q-995</subfield>
    <subfield code="r">2020-09-02</subfield>
    <subfield code="w">2020-09-02</subfield>
    <subfield code="y">BK</subfield>
  </datafield>
  <datafield tag="952" ind1=" " ind2=" ">
    <subfield code="0">0</subfield>
    <subfield code="1">0</subfield>
    <subfield code="2">ddc</subfield>
    <subfield code="4">0</subfield>
    <subfield code="7">0</subfield>
    <subfield code="a">NQC</subfield>
    <subfield code="b">NQC</subfield>
    <subfield code="d">2020-09-02</subfield>
    <subfield code="l">0</subfield>
    <subfield code="o">005.74 NAV</subfield>
    <subfield code="p">Q-996</subfield>
    <subfield code="r">2020-09-02</subfield>
    <subfield code="w">2020-09-02</subfield>
    <subfield code="y">BK</subfield>
  </datafield>
  <datafield tag="952" ind1=" " ind2=" ">
    <subfield code="0">0</subfield>
    <subfield code="1">0</subfield>
    <subfield code="2">ddc</subfield>
    <subfield code="4">0</subfield>
    <subfield code="7">0</subfield>
    <subfield code="a">NQC</subfield>
    <subfield code="b">NQC</subfield>
    <subfield code="d">2020-09-02</subfield>
    <subfield code="l">0</subfield>
    <subfield code="o">005.74 NAV</subfield>
    <subfield code="p">Q-997</subfield>
    <subfield code="r">2020-09-02</subfield>
    <subfield code="w">2020-09-02</subfield>
    <subfield code="y">BK</subfield>
  </datafield>
  <datafield tag="952" ind1=" " ind2=" ">
    <subfield code="0">0</subfield>
    <subfield code="1">0</subfield>
    <subfield code="2">ddc</subfield>
    <subfield code="4">0</subfield>
    <subfield code="7">0</subfield>
    <subfield code="a">NQC</subfield>
    <subfield code="b">NQC</subfield>
    <subfield code="d">2020-09-02</subfield>
    <subfield code="l">0</subfield>
    <subfield code="o">005.74 NAV</subfield>
    <subfield code="p">Q-998</subfield>
    <subfield code="r">2020-09-02</subfield>
    <subfield code="w">2020-09-02</subfield>
    <subfield code="y">BK</subfield>
  </datafield>
  <datafield tag="952" ind1=" " ind2=" ">
    <subfield code="0">0</subfield>
    <subfield code="1">0</subfield>
    <subfield code="2">ddc</subfield>
    <subfield code="4">0</subfield>
    <subfield code="7">0</subfield>
    <subfield code="a">NQC</subfield>
    <subfield code="b">NQC</subfield>
    <subfield code="d">2020-09-02</subfield>
    <subfield code="l">0</subfield>
    <subfield code="o">005.74 NAV</subfield>
    <subfield code="p">Q-999</subfield>
    <subfield code="r">2020-09-02</subfield>
    <subfield code="w">2020-09-02</subfield>
    <subfield code="y">BK</subfield>
  </datafield>
  <datafield tag="952" ind1=" " ind2=" ">
    <subfield code="0">0</subfield>
    <subfield code="1">0</subfield>
    <subfield code="2">ddc</subfield>
    <subfield code="4">0</subfield>
    <subfield code="7">0</subfield>
    <subfield code="a">NQC</subfield>
    <subfield code="b">NQC</subfield>
    <subfield code="d">2020-09-02</subfield>
    <subfield code="l">0</subfield>
    <subfield code="o">005.74 NAV</subfield>
    <subfield code="p">Q-1000</subfield>
    <subfield code="r">2020-09-02</subfield>
    <subfield code="w">2020-09-02</subfield>
    <subfield code="y">BK</subfield>
  </datafield>
  <datafield tag="952" ind1=" " ind2=" ">
    <subfield code="0">0</subfield>
    <subfield code="1">0</subfield>
    <subfield code="2">ddc</subfield>
    <subfield code="4">0</subfield>
    <subfield code="7">0</subfield>
    <subfield code="a">NQC</subfield>
    <subfield code="b">NQC</subfield>
    <subfield code="d">2020-09-02</subfield>
    <subfield code="l">0</subfield>
    <subfield code="o">005.74 NAV</subfield>
    <subfield code="p">Q-1001</subfield>
    <subfield code="r">2020-09-02</subfield>
    <subfield code="w">2020-09-02</subfield>
    <subfield code="y">BK</subfield>
  </datafield>
  <datafield tag="952" ind1=" " ind2=" ">
    <subfield code="0">0</subfield>
    <subfield code="1">0</subfield>
    <subfield code="2">ddc</subfield>
    <subfield code="4">0</subfield>
    <subfield code="7">0</subfield>
    <subfield code="a">NQC</subfield>
    <subfield code="b">NQC</subfield>
    <subfield code="d">2020-09-02</subfield>
    <subfield code="l">0</subfield>
    <subfield code="o">005.74 NAV</subfield>
    <subfield code="p">Q-1002</subfield>
    <subfield code="r">2020-09-02</subfield>
    <subfield code="w">2020-09-02</subfield>
    <subfield code="y">BK</subfield>
  </datafield>
  <datafield tag="952" ind1=" " ind2=" ">
    <subfield code="0">0</subfield>
    <subfield code="1">0</subfield>
    <subfield code="2">ddc</subfield>
    <subfield code="4">0</subfield>
    <subfield code="7">0</subfield>
    <subfield code="a">NQC</subfield>
    <subfield code="b">NQC</subfield>
    <subfield code="d">2020-09-02</subfield>
    <subfield code="l">0</subfield>
    <subfield code="o">005.74 NAV</subfield>
    <subfield code="p">Q-1003</subfield>
    <subfield code="r">2020-09-02</subfield>
    <subfield code="w">2020-09-02</subfield>
    <subfield code="y">BK</subfield>
  </datafield>
  <datafield tag="952" ind1=" " ind2=" ">
    <subfield code="0">0</subfield>
    <subfield code="1">0</subfield>
    <subfield code="2">ddc</subfield>
    <subfield code="4">0</subfield>
    <subfield code="7">0</subfield>
    <subfield code="a">NQC</subfield>
    <subfield code="b">NQC</subfield>
    <subfield code="d">2020-09-02</subfield>
    <subfield code="l">0</subfield>
    <subfield code="o">005.74 NAV</subfield>
    <subfield code="p">Q-1004</subfield>
    <subfield code="r">2020-09-02</subfield>
    <subfield code="w">2020-09-02</subfield>
    <subfield code="y">BK</subfield>
  </datafield>
  <datafield tag="952" ind1=" " ind2=" ">
    <subfield code="0">0</subfield>
    <subfield code="1">0</subfield>
    <subfield code="2">ddc</subfield>
    <subfield code="4">0</subfield>
    <subfield code="7">0</subfield>
    <subfield code="a">NQC</subfield>
    <subfield code="b">NQC</subfield>
    <subfield code="d">2020-09-02</subfield>
    <subfield code="l">0</subfield>
    <subfield code="o">005.74 NAV</subfield>
    <subfield code="p">Q-1005</subfield>
    <subfield code="r">2020-09-02</subfield>
    <subfield code="w">2020-09-02</subfield>
    <subfield code="y">BK</subfield>
  </datafield>
  <datafield tag="952" ind1=" " ind2=" ">
    <subfield code="0">0</subfield>
    <subfield code="1">0</subfield>
    <subfield code="2">ddc</subfield>
    <subfield code="4">0</subfield>
    <subfield code="7">0</subfield>
    <subfield code="a">NQC</subfield>
    <subfield code="b">NQC</subfield>
    <subfield code="d">2020-09-02</subfield>
    <subfield code="l">0</subfield>
    <subfield code="o">005.74 NAV</subfield>
    <subfield code="p">Q-1006</subfield>
    <subfield code="r">2020-09-02</subfield>
    <subfield code="w">2020-09-02</subfield>
    <subfield code="y">BK</subfield>
  </datafield>
  <datafield tag="952" ind1=" " ind2=" ">
    <subfield code="0">0</subfield>
    <subfield code="1">0</subfield>
    <subfield code="2">ddc</subfield>
    <subfield code="4">0</subfield>
    <subfield code="7">0</subfield>
    <subfield code="a">NQC</subfield>
    <subfield code="b">NQC</subfield>
    <subfield code="d">2020-09-02</subfield>
    <subfield code="l">0</subfield>
    <subfield code="o">005.74 NAV</subfield>
    <subfield code="p">Q-1007</subfield>
    <subfield code="r">2020-09-02</subfield>
    <subfield code="w">2020-09-02</subfield>
    <subfield code="y">BK</subfield>
  </datafield>
  <datafield tag="952" ind1=" " ind2=" ">
    <subfield code="0">0</subfield>
    <subfield code="1">0</subfield>
    <subfield code="2">ddc</subfield>
    <subfield code="4">0</subfield>
    <subfield code="7">0</subfield>
    <subfield code="a">NQC</subfield>
    <subfield code="b">NQC</subfield>
    <subfield code="d">2020-09-02</subfield>
    <subfield code="l">0</subfield>
    <subfield code="o">005.74 NAV</subfield>
    <subfield code="p">Q-1008</subfield>
    <subfield code="r">2020-09-02</subfield>
    <subfield code="w">2020-09-02</subfield>
    <subfield code="y">BK</subfield>
  </datafield>
  <datafield tag="952" ind1=" " ind2=" ">
    <subfield code="0">0</subfield>
    <subfield code="1">0</subfield>
    <subfield code="2">ddc</subfield>
    <subfield code="4">0</subfield>
    <subfield code="7">0</subfield>
    <subfield code="a">NQC</subfield>
    <subfield code="b">NQC</subfield>
    <subfield code="d">2020-09-02</subfield>
    <subfield code="l">0</subfield>
    <subfield code="o">005.74 NAV</subfield>
    <subfield code="p">Q-1009</subfield>
    <subfield code="r">2020-09-02</subfield>
    <subfield code="w">2020-09-02</subfield>
    <subfield code="y">BK</subfield>
  </datafield>
  <datafield tag="952" ind1=" " ind2=" ">
    <subfield code="0">0</subfield>
    <subfield code="1">0</subfield>
    <subfield code="2">ddc</subfield>
    <subfield code="4">0</subfield>
    <subfield code="7">0</subfield>
    <subfield code="a">NQC</subfield>
    <subfield code="b">NQC</subfield>
    <subfield code="d">2020-09-02</subfield>
    <subfield code="l">0</subfield>
    <subfield code="o">005.74 NAV</subfield>
    <subfield code="p">Q-1010</subfield>
    <subfield code="r">2020-09-02</subfield>
    <subfield code="w">2020-09-02</subfield>
    <subfield code="y">BK</subfield>
  </datafield>
  <datafield tag="952" ind1=" " ind2=" ">
    <subfield code="0">0</subfield>
    <subfield code="1">0</subfield>
    <subfield code="2">ddc</subfield>
    <subfield code="4">0</subfield>
    <subfield code="7">0</subfield>
    <subfield code="a">NQC</subfield>
    <subfield code="b">NQC</subfield>
    <subfield code="d">2020-09-02</subfield>
    <subfield code="l">0</subfield>
    <subfield code="o">005.74 NAV</subfield>
    <subfield code="p">Q-1011</subfield>
    <subfield code="r">2020-09-02</subfield>
    <subfield code="w">2020-09-02</subfield>
    <subfield code="y">BK</subfield>
  </datafield>
  <datafield tag="952" ind1=" " ind2=" ">
    <subfield code="0">0</subfield>
    <subfield code="1">0</subfield>
    <subfield code="2">ddc</subfield>
    <subfield code="4">0</subfield>
    <subfield code="7">0</subfield>
    <subfield code="a">NQC</subfield>
    <subfield code="b">NQC</subfield>
    <subfield code="d">2020-09-02</subfield>
    <subfield code="l">1</subfield>
    <subfield code="o">005.74 NAV</subfield>
    <subfield code="p">Q-1012</subfield>
    <subfield code="q">2026-03-12</subfield>
    <subfield code="r">2026-02-10</subfield>
    <subfield code="s">2026-02-10</subfield>
    <subfield code="w">2020-09-02</subfield>
    <subfield code="y">BK</subfield>
  </datafield>
  <datafield tag="952" ind1=" " ind2=" ">
    <subfield code="0">0</subfield>
    <subfield code="1">0</subfield>
    <subfield code="2">ddc</subfield>
    <subfield code="4">0</subfield>
    <subfield code="7">0</subfield>
    <subfield code="a">NQC</subfield>
    <subfield code="b">NQC</subfield>
    <subfield code="d">2020-09-02</subfield>
    <subfield code="l">0</subfield>
    <subfield code="o">005.74 NAV</subfield>
    <subfield code="p">Q-1013</subfield>
    <subfield code="r">2020-09-02</subfield>
    <subfield code="w">2020-09-02</subfield>
    <subfield code="y">BK</subfield>
  </datafield>
  <datafield tag="952" ind1=" " ind2=" ">
    <subfield code="0">0</subfield>
    <subfield code="1">0</subfield>
    <subfield code="2">ddc</subfield>
    <subfield code="4">0</subfield>
    <subfield code="7">0</subfield>
    <subfield code="a">NQC</subfield>
    <subfield code="b">NQC</subfield>
    <subfield code="d">2020-09-02</subfield>
    <subfield code="l">1</subfield>
    <subfield code="o">005.74 NAV</subfield>
    <subfield code="p">Q-1014</subfield>
    <subfield code="q">2026-03-19</subfield>
    <subfield code="r">2026-02-17</subfield>
    <subfield code="s">2026-02-17</subfield>
    <subfield code="w">2020-09-02</subfield>
    <subfield code="y">BK</subfield>
  </datafield>
  <datafield tag="952" ind1=" " ind2=" ">
    <subfield code="0">0</subfield>
    <subfield code="1">0</subfield>
    <subfield code="2">ddc</subfield>
    <subfield code="4">0</subfield>
    <subfield code="7">0</subfield>
    <subfield code="a">NQC</subfield>
    <subfield code="b">NQC</subfield>
    <subfield code="d">2020-09-02</subfield>
    <subfield code="l">0</subfield>
    <subfield code="o">005.74 NAV</subfield>
    <subfield code="p">Q-1015</subfield>
    <subfield code="r">2020-09-02</subfield>
    <subfield code="w">2020-09-02</subfield>
    <subfield code="y">BK</subfield>
  </datafield>
  <datafield tag="952" ind1=" " ind2=" ">
    <subfield code="0">0</subfield>
    <subfield code="1">0</subfield>
    <subfield code="2">ddc</subfield>
    <subfield code="4">0</subfield>
    <subfield code="7">0</subfield>
    <subfield code="a">NQC</subfield>
    <subfield code="b">NQC</subfield>
    <subfield code="d">2020-09-02</subfield>
    <subfield code="l">0</subfield>
    <subfield code="o">005.74 NAV</subfield>
    <subfield code="p">Q-1016</subfield>
    <subfield code="r">2020-09-02</subfield>
    <subfield code="w">2020-09-02</subfield>
    <subfield code="y">BK</subfield>
  </datafield>
  <datafield tag="952" ind1=" " ind2=" ">
    <subfield code="0">0</subfield>
    <subfield code="1">0</subfield>
    <subfield code="2">ddc</subfield>
    <subfield code="4">0</subfield>
    <subfield code="7">0</subfield>
    <subfield code="a">NQC</subfield>
    <subfield code="b">NQC</subfield>
    <subfield code="d">2020-09-02</subfield>
    <subfield code="l">0</subfield>
    <subfield code="o">005.74 NAV</subfield>
    <subfield code="p">Q-1017</subfield>
    <subfield code="r">2020-09-02</subfield>
    <subfield code="w">2020-09-02</subfield>
    <subfield code="y">BK</subfield>
  </datafield>
  <datafield tag="952" ind1=" " ind2=" ">
    <subfield code="0">0</subfield>
    <subfield code="1">0</subfield>
    <subfield code="2">ddc</subfield>
    <subfield code="4">0</subfield>
    <subfield code="7">0</subfield>
    <subfield code="a">NQC</subfield>
    <subfield code="b">NQC</subfield>
    <subfield code="d">2020-09-02</subfield>
    <subfield code="l">0</subfield>
    <subfield code="o">005.74 NAV</subfield>
    <subfield code="p">Q-1018</subfield>
    <subfield code="r">2020-09-02</subfield>
    <subfield code="w">2020-09-02</subfield>
    <subfield code="y">BK</subfield>
  </datafield>
  <datafield tag="952" ind1=" " ind2=" ">
    <subfield code="0">0</subfield>
    <subfield code="1">0</subfield>
    <subfield code="2">ddc</subfield>
    <subfield code="4">0</subfield>
    <subfield code="7">0</subfield>
    <subfield code="a">NQC</subfield>
    <subfield code="b">NQC</subfield>
    <subfield code="d">2020-09-02</subfield>
    <subfield code="l">0</subfield>
    <subfield code="o">005.74 NAV</subfield>
    <subfield code="p">Q-1019</subfield>
    <subfield code="r">2020-09-02</subfield>
    <subfield code="w">2020-09-02</subfield>
    <subfield code="y">BK</subfield>
  </datafield>
  <datafield tag="952" ind1=" " ind2=" ">
    <subfield code="0">0</subfield>
    <subfield code="1">0</subfield>
    <subfield code="2">ddc</subfield>
    <subfield code="4">0</subfield>
    <subfield code="7">0</subfield>
    <subfield code="a">NQC</subfield>
    <subfield code="b">NQC</subfield>
    <subfield code="d">2020-09-02</subfield>
    <subfield code="l">0</subfield>
    <subfield code="o">005.74 NAV</subfield>
    <subfield code="p">Q-1020</subfield>
    <subfield code="r">2020-09-02</subfield>
    <subfield code="w">2020-09-02</subfield>
    <subfield code="y">BK</subfield>
  </datafield>
  <datafield tag="952" ind1=" " ind2=" ">
    <subfield code="0">0</subfield>
    <subfield code="1">0</subfield>
    <subfield code="2">ddc</subfield>
    <subfield code="4">0</subfield>
    <subfield code="7">0</subfield>
    <subfield code="a">NQC</subfield>
    <subfield code="b">NQC</subfield>
    <subfield code="d">2020-09-02</subfield>
    <subfield code="l">1</subfield>
    <subfield code="o">005.74 NAV</subfield>
    <subfield code="p">Q-1021</subfield>
    <subfield code="r">2026-05-10</subfield>
    <subfield code="s">2026-02-17</subfield>
    <subfield code="w">2020-09-02</subfield>
    <subfield code="y">BK</subfield>
  </datafield>
  <datafield tag="952" ind1=" " ind2=" ">
    <subfield code="0">0</subfield>
    <subfield code="1">0</subfield>
    <subfield code="2">ddc</subfield>
    <subfield code="4">0</subfield>
    <subfield code="7">0</subfield>
    <subfield code="a">NQC</subfield>
    <subfield code="b">NQC</subfield>
    <subfield code="d">2020-09-02</subfield>
    <subfield code="l">0</subfield>
    <subfield code="o">005.74 NAV</subfield>
    <subfield code="p">Q-1022</subfield>
    <subfield code="r">2020-09-02</subfield>
    <subfield code="w">2020-09-02</subfield>
    <subfield code="y">BK</subfield>
  </datafield>
  <datafield tag="952" ind1=" " ind2=" ">
    <subfield code="0">0</subfield>
    <subfield code="1">0</subfield>
    <subfield code="2">ddc</subfield>
    <subfield code="4">0</subfield>
    <subfield code="7">0</subfield>
    <subfield code="a">NQC</subfield>
    <subfield code="b">NQC</subfield>
    <subfield code="d">2020-09-02</subfield>
    <subfield code="l">0</subfield>
    <subfield code="o">005.74 NAV</subfield>
    <subfield code="p">Q-1023</subfield>
    <subfield code="r">2020-09-02</subfield>
    <subfield code="w">2020-09-02</subfield>
    <subfield code="y">BK</subfield>
  </datafield>
  <datafield tag="952" ind1=" " ind2=" ">
    <subfield code="0">0</subfield>
    <subfield code="1">0</subfield>
    <subfield code="2">ddc</subfield>
    <subfield code="4">0</subfield>
    <subfield code="7">0</subfield>
    <subfield code="a">NQC</subfield>
    <subfield code="b">NQC</subfield>
    <subfield code="d">2020-09-02</subfield>
    <subfield code="l">0</subfield>
    <subfield code="o">005.74 NAV</subfield>
    <subfield code="p">Q-1024</subfield>
    <subfield code="r">2020-09-02</subfield>
    <subfield code="w">2020-09-02</subfield>
    <subfield code="y">BK</subfield>
  </datafield>
  <datafield tag="952" ind1=" " ind2=" ">
    <subfield code="0">0</subfield>
    <subfield code="1">0</subfield>
    <subfield code="2">ddc</subfield>
    <subfield code="4">0</subfield>
    <subfield code="7">0</subfield>
    <subfield code="a">NQC</subfield>
    <subfield code="b">NQC</subfield>
    <subfield code="d">2020-09-02</subfield>
    <subfield code="l">0</subfield>
    <subfield code="o">005.74 NAV</subfield>
    <subfield code="p">Q-1025</subfield>
    <subfield code="r">2020-09-02</subfield>
    <subfield code="w">2020-09-02</subfield>
    <subfield code="y">BK</subfield>
  </datafield>
  <datafield tag="952" ind1=" " ind2=" ">
    <subfield code="0">0</subfield>
    <subfield code="1">0</subfield>
    <subfield code="2">ddc</subfield>
    <subfield code="4">0</subfield>
    <subfield code="7">0</subfield>
    <subfield code="a">NQC</subfield>
    <subfield code="b">NQC</subfield>
    <subfield code="d">2020-09-02</subfield>
    <subfield code="l">0</subfield>
    <subfield code="o">005.74 NAV</subfield>
    <subfield code="p">Q-1026</subfield>
    <subfield code="r">2020-09-02</subfield>
    <subfield code="w">2020-09-02</subfield>
    <subfield code="y">BK</subfield>
  </datafield>
  <datafield tag="952" ind1=" " ind2=" ">
    <subfield code="0">0</subfield>
    <subfield code="1">0</subfield>
    <subfield code="2">ddc</subfield>
    <subfield code="4">0</subfield>
    <subfield code="7">0</subfield>
    <subfield code="a">NQC</subfield>
    <subfield code="b">NQC</subfield>
    <subfield code="d">2020-09-02</subfield>
    <subfield code="l">0</subfield>
    <subfield code="o">005.74 NAV</subfield>
    <subfield code="p">Q-1027</subfield>
    <subfield code="r">2020-09-02</subfield>
    <subfield code="w">2020-09-02</subfield>
    <subfield code="y">BK</subfield>
  </datafield>
  <datafield tag="952" ind1=" " ind2=" ">
    <subfield code="0">0</subfield>
    <subfield code="1">0</subfield>
    <subfield code="2">ddc</subfield>
    <subfield code="4">0</subfield>
    <subfield code="7">0</subfield>
    <subfield code="a">NQC</subfield>
    <subfield code="b">NQC</subfield>
    <subfield code="d">2020-09-02</subfield>
    <subfield code="l">0</subfield>
    <subfield code="o">005.74 NAV</subfield>
    <subfield code="p">Q-1028</subfield>
    <subfield code="r">2020-09-02</subfield>
    <subfield code="w">2020-09-02</subfield>
    <subfield code="y">BK</subfield>
  </datafield>
  <datafield tag="952" ind1=" " ind2=" ">
    <subfield code="0">0</subfield>
    <subfield code="1">0</subfield>
    <subfield code="2">ddc</subfield>
    <subfield code="4">0</subfield>
    <subfield code="7">0</subfield>
    <subfield code="a">NQC</subfield>
    <subfield code="b">NQC</subfield>
    <subfield code="d">2020-09-02</subfield>
    <subfield code="l">0</subfield>
    <subfield code="o">005.74 NAV</subfield>
    <subfield code="p">Q-1029</subfield>
    <subfield code="r">2020-09-02</subfield>
    <subfield code="w">2020-09-02</subfield>
    <subfield code="y">BK</subfield>
  </datafield>
  <datafield tag="952" ind1=" " ind2=" ">
    <subfield code="0">0</subfield>
    <subfield code="1">0</subfield>
    <subfield code="2">ddc</subfield>
    <subfield code="4">0</subfield>
    <subfield code="7">0</subfield>
    <subfield code="a">NQC</subfield>
    <subfield code="b">NQC</subfield>
    <subfield code="d">2020-09-02</subfield>
    <subfield code="l">0</subfield>
    <subfield code="o">005.74 NAV</subfield>
    <subfield code="p">Q-1030</subfield>
    <subfield code="r">2020-09-02</subfield>
    <subfield code="w">2020-09-02</subfield>
    <subfield code="y">BK</subfield>
  </datafield>
  <datafield tag="952" ind1=" " ind2=" ">
    <subfield code="0">0</subfield>
    <subfield code="1">0</subfield>
    <subfield code="2">ddc</subfield>
    <subfield code="4">0</subfield>
    <subfield code="7">0</subfield>
    <subfield code="a">NQC</subfield>
    <subfield code="b">NQC</subfield>
    <subfield code="d">2020-09-02</subfield>
    <subfield code="l">0</subfield>
    <subfield code="o">005.74 NAV</subfield>
    <subfield code="p">Q-1031</subfield>
    <subfield code="r">2020-09-02</subfield>
    <subfield code="w">2020-09-02</subfield>
    <subfield code="y">BK</subfield>
  </datafield>
  <datafield tag="952" ind1=" " ind2=" ">
    <subfield code="0">0</subfield>
    <subfield code="1">0</subfield>
    <subfield code="2">ddc</subfield>
    <subfield code="4">0</subfield>
    <subfield code="7">0</subfield>
    <subfield code="a">NQC</subfield>
    <subfield code="b">NQC</subfield>
    <subfield code="d">2020-09-02</subfield>
    <subfield code="l">0</subfield>
    <subfield code="o">005.74 NAV</subfield>
    <subfield code="p">Q-1032</subfield>
    <subfield code="r">2020-09-02</subfield>
    <subfield code="w">2020-09-02</subfield>
    <subfield code="y">BK</subfield>
  </datafield>
  <datafield tag="952" ind1=" " ind2=" ">
    <subfield code="0">0</subfield>
    <subfield code="1">0</subfield>
    <subfield code="2">ddc</subfield>
    <subfield code="4">0</subfield>
    <subfield code="7">0</subfield>
    <subfield code="a">NQC</subfield>
    <subfield code="b">NQC</subfield>
    <subfield code="d">2020-09-02</subfield>
    <subfield code="l">1</subfield>
    <subfield code="o">005.74 NAV</subfield>
    <subfield code="p">Q-1033</subfield>
    <subfield code="q">2026-03-12</subfield>
    <subfield code="r">2026-02-10</subfield>
    <subfield code="s">2026-02-10</subfield>
    <subfield code="w">2020-09-02</subfield>
    <subfield code="y">BK</subfield>
  </datafield>
  <datafield tag="952" ind1=" " ind2=" ">
    <subfield code="0">0</subfield>
    <subfield code="1">0</subfield>
    <subfield code="2">ddc</subfield>
    <subfield code="4">0</subfield>
    <subfield code="7">0</subfield>
    <subfield code="a">NQC</subfield>
    <subfield code="b">NQC</subfield>
    <subfield code="d">2020-09-02</subfield>
    <subfield code="l">0</subfield>
    <subfield code="o">005.74 NAV</subfield>
    <subfield code="p">Q-1034</subfield>
    <subfield code="r">2020-09-02</subfield>
    <subfield code="w">2020-09-02</subfield>
    <subfield code="y">BK</subfield>
  </datafield>
  <datafield tag="952" ind1=" " ind2=" ">
    <subfield code="0">0</subfield>
    <subfield code="1">0</subfield>
    <subfield code="2">ddc</subfield>
    <subfield code="4">0</subfield>
    <subfield code="7">0</subfield>
    <subfield code="a">NQC</subfield>
    <subfield code="b">NQC</subfield>
    <subfield code="d">2020-09-02</subfield>
    <subfield code="l">0</subfield>
    <subfield code="o">005.74 NAV</subfield>
    <subfield code="p">Q-1035</subfield>
    <subfield code="r">2020-09-02</subfield>
    <subfield code="w">2020-09-02</subfield>
    <subfield code="y">BK</subfield>
  </datafield>
</record>
